Buddhist Philosophy: (Record no. 1269184)

MARC details
000 -LEADER
fixed length control field 00815nam a22002417a 4500
005 - DATE AND TIME OF LATEST TRANSACTION
control field 20250319172155.0
008 - FIXED-LENGTH DATA ELEMENTS--GENERAL INFORMATION
fixed length control field 250319b |||||||| |||| 00| 0 eng d
020 ## - INTERNATIONAL STANDARD BOOK NUMBER
International Standard Book Number 978-0-19-532817-2 (pbk)
037 ## - SOURCE OF ACQUISITION
Terms of availability TB
040 ## - CATALOGING SOURCE
Original cataloging agency CRL
Transcribing agency CRL
041 ## - LANGUAGE CODE
Source of code eng
Language code of text/sound track or separate title eng
084 ## - COLON CLASSIFICATION NUMBER
Classification number R694 P9
Assigning agency CRL
245 ## - TITLE STATEMENT
Title Buddhist Philosophy:
Remainder of title Essential readings
260 ## - PUBLICATION, DISTRIBUTION, ETC.
Place of publication, distribution, etc. New York, USA:
Name of publisher, distributor, etc. Oxford University Press,
Date of publication, distribution, etc. 2009
300 ## - PHYSICAL DESCRIPTION
Extent xix,457p.
365 ## - TRADE PRICE
Price amount 3900.00
Currency code INR
650 ## - SUBJECT ADDED ENTRY--TOPICAL TERM
Topical term or geographic name entry element Philosophy
650 ## - SUBJECT ADDED ENTRY--TOPICAL TERM
Topical term or geographic name entry element Buddhist Philosophy
700 ## - ADDED ENTRY--PERSONAL NAME
Personal name Edelglass, Willam (Editor)
9 (RLIN) 747414
700 ## - ADDED ENTRY--PERSONAL NAME
Personal name Garfield, Jay L. (Editor)
9 (RLIN) 747415
942 ## - ADDED ENTRY ELEMENTS (KOHA)
Source of classification or shelving scheme Colon Classification (CC)
Koha item type Textbook
Classification part R694 P9
Suppress in OPAC No
Holdings
Withdrawn status Lost status Source of classification or shelving scheme Damaged status Not for loan Home library Current library Date acquired Source of acquisition Inventory number Total Checkouts Full call number Barcode Date due Date last seen Date last checked out Price effective from Koha item type
    Colon Classification (CC)     Central Library Arts Library 2025-03-19 IoE Project Books IoE Project Books 1 R694 P9 CL1682949 2025-03-24 2025-03-24 2025-03-24 2025-03-19 Textbook
Copyright @ Delhi University Library System